Being good : an introduction to ethics / (Record no. 950)

000 -LEADER
fixed length control field 01010cam a2200253 a 4500
001 - CONTROL NUMBER
control field 12391028
003 - CONTROL NUMBER IDENTIFIER
control field OSt
005 - DATE AND TIME OF LATEST TRANSACTION
control field 20140116120842.0
008 - FIXED-LENGTH DATA ELEMENTS--GENERAL INFORMATION
fixed length control field 010426s2001 enka b 001 0 eng
015 ## - NATIONAL BIBLIOGRAPHY NUMBER
National bibliography number GBA1-Z9096
020 ## - INTERNATIONAL STANDARD BOOK NUMBER
International Standard Book Number 9780192853776
050 00 - LIBRARY OF CONGRESS CALL NUMBER
Classification number BJ1012.B53 2001
100 1# - MAIN ENTRY--PERSONAL NAME
Personal name Blackburn, Simon.
245 10 - TITLE STATEMENT
Title Being good : an introduction to ethics /
Statement of responsibility, etc Simon Blackburn.
260 ## - PUBLICATION, DISTRIBUTION, ETC. (IMPRINT)
Place of publication, distribution, etc Oxford :
Name of publisher, distributor, etc Oxford University Press,
Date of publication, distribution, etc 2001.
300 ## - PHYSICAL DESCRIPTION
Extent x, 162 p. :
Other physical details ill. ;
Dimensions 18 cm.
504 ## - BIBLIOGRAPHY, ETC. NOTE
Bibliography, etc Includes bibliographical references and index.
650 #0 - SUBJECT ADDED ENTRY--TOPICAL TERM
Topical term or geographic name as entry element Ethics.
856 42 - ELECTRONIC LOCATION AND ACCESS
Materials specified Publisher description
Uniform Resource Identifier <a href="http://www.loc.gov/catdir/enhancements/fy0640/2001269164-d.html">http://www.loc.gov/catdir/enhancements/fy0640/2001269164-d.html</a>
856 41 - ELECTRONIC LOCATION AND ACCESS
Materials specified Table of contents only
Uniform Resource Identifier <a href="http://www.loc.gov/catdir/enhancements/fy0640/2001269164-t.html">http://www.loc.gov/catdir/enhancements/fy0640/2001269164-t.html</a>
856 42 - ELECTRONIC LOCATION AND ACCESS
Materials specified Contributor biographical information
Uniform Resource Identifier <a href="http://www.loc.gov/catdir/enhancements/fy0726/2001269164-b.html">http://www.loc.gov/catdir/enhancements/fy0726/2001269164-b.html</a>
942 ## - ADDED ENTRY ELEMENTS (KOHA)
Source of classification or shelving scheme
Koha item type Book
Holdings
Withdrawn status Lost status Source of classification or shelving scheme Damaged status Not for loan Home library Current library Date acquired Total Checkouts Total Renewals Full call number Barcode Date last seen Date checked out Copy number Price effective from Koha item type
          Riara University Library Riara University Library 23/06/2012 9 4 BJ1012.B53 2001 3368/12 06/02/2018 25/01/2018 C.1 23/06/2012 Book
          Riara University Library Riara University Library 23/06/2012 5 1 BJ1012.B53 2001 3369/12 12/03/2024 16/02/2024 C.2 23/06/2012 Book
          Riara University Library Riara University Library 23/06/2012 12 3 BJ1012.B53 2001 3370/12 05/07/2017 09/06/2017 C.3 23/06/2012 Book

Riara University Library,
P.O. Box 49940-00100,
Nairobi, Kenya.